| 000 | 00412nam a2200145Ia 4500 | ||
|---|---|---|---|
| 008 | 221007s9999 xx 000 0 und d | ||
| 041 | _aeng | ||
| 082 | _bAKA | ||
| 100 |
_aAkanksha Kulkarni - 2k181036 & Dr. Archana Pradhan - Guide _9105128 |
||
| 245 | _aReward And Recognition System | ||
| 260 |
_c2019 _bSavitribai Phule Pune University _aPune |
||
| 300 |
_a51p _cHard Bound |
||
| 440 | _v1 | ||
| 906 | _bGeneral | ||
| 999 |
_c80028 _d80028 |
||